MARC

LEADER 00000nam0a2200000 4500
001 368562
005 20231102012108.0
035 |a (RuTPU)RU\TPU\retro\25944 
035 |a RU\TPU\book\163790 
090 |a 368562 
100 |a 20220414d1980 m y0rusy50 ca 
101 0 |a rus 
102 |a RU 
105 |a a z 001zy 
200 1 |a Литье в металлические формы  |f А. М. Липницкий 
205 |a 3-е изд., перераб. и доп. 
210 |a Ленинград  |c Машиностроение  |d 1980 
215 |a 104 с.  |c ил. 
225 1 |a Библиотечка литейщика  |v Вып. 7 
320 |a Библиогр.: с. 103 
606 1 |a Литье в металлические формы  |2 stltpush  |3 (RuTPU)RU\TPU\subj\53316  |9 71631 
610 1 |a металлические формы 
610 1 |a конструирование 
610 1 |a технологические процессы 
610 1 |a практические примеры 
610 1 |a механизация 
610 1 |a автоматизация 
610 1 |a центробежное литье 
675 |a 621.746  |v 4 
700 1 |a Липницкий  |b А. М.  |g Абрам Маркович 
801 1 |a RU  |b 63413507  |c 20090119  |g PSBO 
801 2 |a RU  |b 63413507  |c 20220414  |g RCR 
942 |c BK